000 00723nam a2200253Ia 4500
003 OSt
005 20221006160922.0
006 a|||||r|||| 00| 0
007 ta
008 221006b |||||||| |||| 00| 0 eng d
020 _a9788968500855
024 _a46,847
037 _cTextual
040 _aEASL
_cEASL
_beng
041 _2eng
_aeng
082 _aP495, Q5;2
100 _aYEONG Jeon na and others
_9675464
245 0 _aLearn korean language in 3 weeks
_bYonsei korean language guide for teachers.
260 _aSeoul
_bYonsei university press
_c2015
300 _a300p.
_ccm.
490 _vVol.2 KL
942 _hP495, Q5;2
_cTEXL
_2CC
999 _c1114936
_d1114936